| 000 | 00440nam a2200169 a 4500 | ||
|---|---|---|---|
| 001 | 1030 | ||
| 003 | CDMR | ||
| 005 | 20131112173019.0 | ||
| 008 | 130130s1955||||||||||||||||||||||||||||d | ||
| 040 |
_aCDMR _bcat _cCDMR |
||
| 100 | 1 |
_aTaibo, Paco Ignacio _9812 |
|
| 245 | 1 | 3 |
_aEl periodista _cPaco Ignacio Taibo |
| 260 |
_aBarcelona _c1955 _bCorinto |
||
| 300 | _a174 p. | ||
| 650 | 0 | 4 |
_92030 _aPeriodisme _xOrientació professional |
| 942 |
_cMON _2udc |
||
| 999 |
_c1030 _d1030 |
||